000 00715cam a22002053a 4500
001 39272
003 PGUSA
005 20140828083855.0
008 120326s2012||||xxu|||||s|||||000 | eng d
040 _aPGUSA
_beng
042 _adc
100 1 _aMartin, Thomas Commerford,
_d1856-1924
245 1 4 _aThe inventions, researches and writings of Nikola Tesla :
_bWith special reference to his work in polyphase currents and high potential lighting
_h[electronic resource] /
_cThomas Commerford Martin
260 _bProject Gutenberg,
_c2012
506 _aPublic domain in the USA.
516 _aElectronic text
830 0 _aProject Gutenberg
_v39272
856 4 0 _uhttp://www.gutenberg.org/ebooks/39272
942 _cEB
999 _c268525
_d268525